Electricity / (Record no. 61036)

MARC details
000 -LEADER
fixed length control field 02786nam a22003617a 4500
005 - DATE AND TIME OF LATEST TRANSACTION
control field 20120117104818.0
010 ## - LCCN (DPL NO)
LC control number B-469422-433
020 ## - INTERNATIONAL STANDARD BOOK NUMBER
International Standard Book Number 8173013144
Terms of availability 160.00
020 ## - INTERNATIONAL STANDARD BOOK NUMBER
International Standard Book Number 9781730131448
Terms of availability 160.00
035 ## - SYSTEM CONTROL NUMBER
System control number B-469422-433
037 ## - SOURCE OF ACQUISITION
Stock number DPL
Source of stock number/acquisition Blue Berry/Ven
082 ## - DEWEY DECIMAL CLASSIFICATION NUMBER
Classification number 537
100 ## - MAIN ENTRY--PERSONAL NAME
Personal name Chawla, Anuj
245 ## - TITLE STATEMENT
Title Electricity /
Statement of responsibility, etc by Anuj Chawla
260 ## - PUBLICATION, DISTRIBUTION, ETC. (IMPRINT)
Place of publication, distribution, etc New Delhi
Name of publisher, distributor, etc Dreamland
Date of publication, distribution, etc 2011
270 ## - ADDRESS
Address J-128, Kirti Nagar
City New Delhi
Postal code 110015
Telephone number 011-25106050
Fax number 011-25438283
Electronic mail address dreamland@vsnl.com
300 ## - PHYSICAL DESCRIPTION
Extent 64p.
Other physical details COL.ill
Dimensions 28 cm
490 ## - SERIES STATEMENT
Series statement Know About Science
-- 53778
942 ## - ADDED ENTRY ELEMENTS (KOHA)
Source of classification or shelving scheme Dewey Decimal Classification
Item type Children Books
Call number suffix CHA
Classification part 537
Holdings
Withdrawn status Lost status Not for loan Collection code Home library Current library Date acquired Source of acquisition Cost, normal purchase price Full call number Barcode Copy number Cost, replacement price Koha item type
      Non-fiction Andrews Gunj Andrews Gunj 26/11/2012 Blue Berry/IN8225/24.03.2012/43/20.03/2012/29.03.2012 160.00 537 CHA B-469425 1 160.00 Children Books
      Non-fiction Bawana Bawana 26/11/2012 Blue Berry/IN8225/24.03.2012/43/20.03/2012/29.03.2012 160.00 537 CHA B-469431 1 160.00 Children Books
      Non-fiction Central Library Central Library 26/11/2012 Blue Berry/IN8225/24.03.2012/43/20.03/2012/29.03.2012 160.00 537 CHA B-469422 1 160.00 Children Books
      Non-fiction Karol Bagh Karol Bagh 26/11/2012 Blue Berry/IN8225/24.03.2012/43/20.03/2012/29.03.2012 160.00 537 CHA B-469428 1 160.00 Children Books
      Non-fiction Katevara Katevara 26/11/2012 Blue Berry/IN8225/24.03.2012/43/20.03/2012/29.03.2012 160.00 537 CHA B-469432 1 160.00 Children Books
      Non-fiction Narela Narela 26/11/2012 Blue Berry/IN8225/24.03.2012/43/20.03/2012/29.03.2012 160.00 537 CHA B-469430 1 160.00 Children Books
      Non-fiction New Rohtak Road New Rohtak Road 26/11/2012 Blue Berry/IN8225/24.03.2012/43/20.03/2012/29.03.2012 160.00 537 CHA B-469429 1 160.00 Children Books
      Non-fiction R.K.Puram-8 R.K.Puram-8 26/11/2012 Blue Berry/IN8225/24.03.2012/43/20.03/2012/29.03.2012 160.00 537 CHA B-469424 1 160.00 Children Books
      Non-fiction Sarojini Nagar Sarojini Nagar 26/11/2012 Blue Berry/IN8225/24.03.2012/43/20.03/2012/29.03.2012 160.00 537 CHA B-469423 1 160.00 Children Books
      Non-fiction Shahdara Branch Shahdara Branch 26/11/2012 Blue Berry/IN8225/24.03.2012/43/20.03/2012/29.03.2012 160.00 537 CHA B-469433 1 160.00 Children Books
      Non-fiction Sriniwas Puri Sriniwas Puri 26/11/2012 Blue Berry/IN8225/24.03.2012/43/20.03/2012/29.03.2012 160.00 537 CHA B-469426 1 160.00 Children Books
      Non-fiction Vinoba Puri Vinoba Puri 26/11/2012 Blue Berry/IN8225/24.03.2012/43/20.03/2012/29.03.2012 160.00 537 CHA B-469427 1 160.00 Children Books

© Delhi Public Library
Hit Counter
free hit counter